000 00451nab a2200145Ia 4500
003 ES-SlBCS
005 20210601125242.0
008 140529s1980 xxu||||| |||| 00| 0 eng d
041 _aeng
100 1 _aCrocker, Lawrence
_9155982
245 0 0 _aMarx's Use of Contradiction
_c Lawrence Crocker
600 1 _aMarx, Karl-Contradicción
_9155983
773 0 _tPhilosophy and Phenomenological Research
_gvol. 40, 1980, págs. 558-563
_wRev1411
942 _cAR
999 _c527266
_d527266